[Event "Heusenstamm Sparkassen op 11th"]
[Site "Heusenstamm"]
[Date "2024.11.23"]
[Round "5"]
[White "Mandalka, Justus"]
[Black "Werner, Tom"]
[Result "1/2-1/2"]
[WhiteElo "2039"]
[BlackElo "1872"]
[PlyCount "67"]
[EventDate "2024.11.21"]
[EventType "swiss"]
[EventRounds "7"]
[EventCountry "GER"]
[SourceTitle "CB51_2024"]
[SourceDate "2024.12.18"]
[SourceVersion "1"]
[SourceVersionDate "2024.12.18"]
[SourceQuality "1"]

1. e4 e6 2. d4 d5 3. Nc3 Nf6 4. Bg5 Be7 5. e5 Nfd7 6. Bxe7 Qxe7 7. f4 a6 8. Nce2 c5 9. c3 Nc6 10. Nf3 b5 11. Ng3 cxd4 12. cxd4 Qb4+ 13. Qd2 Bb7 14. Bd3 Rc8 15. Rc1 0-0 16. Ke2 g6 17. Qxb4 Nxb4 18. Bb1 a5 19. Ke3 Rc6 20. Rxc6 Nxc6 21. Rc1 Rc8 22. Bd3 Na7 23. Rxc8+ Bxc8 24. Ne2 Nb8 25. Nc3 Ba6 26. Nd2 b4 27. Na4 Bxd3 28. Kxd3 Nb5 29. Nb3 Nc6 30. Nac5 Kg7 31. h4 h5 32. g3 Kf8 33. Na4 Ke7 34. Nac5 1/2-1/2

[Event "Heusenstamm Sparkassen op 11th"]
[Site "Heusenstamm"]
[Date "2024.11.21"]
[Round "1"]
[White "Feick, Claas Marten"]
[Black "Mandalka, Justus"]
[Result "0-1"]
[WhiteElo "1809"]
[BlackElo "2039"]
[PlyCount "108"]
[EventDate "2024.11.21"]
[EventType "swiss"]
[EventRounds "7"]
[EventCountry "GER"]
[SourceTitle "CB51_2024"]
[SourceDate "2024.12.18"]
[SourceVersion "1"]
[SourceVersionDate "2024.12.18"]
[SourceQuality "1"]

1. e4 c5 2. Nf3 Nc6 3. d4 cxd4 4. Nxd4 g6 5. Nc3 Bg7 6. Be3 Nf6 7. Bc4 0-0 8. 0-0 d5 9. exd5 Na5 10. Bb3 Nxb3 11. Nxb3 b5 12. d6 exd6 13. Nxb5 Ng4 14. Bd4 Qh4 15. h3 Ne5 16. f4 Bxh3 17. fxe5 dxe5 18. Bc5 e4 19. Qe2 Bd7 20. Bf2 Qh6 21. Nc3 Be5 22. g3 Rae8 23. Be3 g5 24. Qh2 Qg6 25. Rae1 f5 26. Qg2 Bc6 27. Na5 Bxc3 28. bxc3 Ba8 29. Nb3 Rc8 30. Bd4 e3 31. Qe2 f4 32. Bc5 Rxc5 33. Nxc5 Qc6 34. Qc4+ Rf7 35. Qe4 Qxe4 36. Nxe4 Bxe4 37. gxf4 gxf4 38. Kh2 Rf6 39. Kh3 h5 40. Re2 Bf5+ 41. Kg2 Rg6+ 42. Kh2 Bg4 43. Ree1 Rf6 44. Kg2 Kg7 45. c4 Kg6 46. c5 Kg5 47. Rb1 f3+ 48. Kh2 e2 49. Rf2 Rc6 50. Rg1 Kf4 51. Re1 Ke3 52. Kg1 Rg6 53. Rh2 Bh3+ 54. Kh1 Bg2+ 0-1

[Event "Marburg op"]
[Site "Marburg"]
[Date "2024.10.27"]
[Round "6"]
[White "Jansen, Dirk Norbert"]
[Black "Mandalka, Justus"]
[Result "0-1"]
[WhiteElo "2074"]
[BlackElo "1979"]
[PlyCount "68"]
[EventDate "2024.10.24"]
[EventType "swiss"]
[EventRounds "7"]
[EventCountry "GER"]
[SourceTitle "CB16_2025"]
[SourceDate "2025.04.16"]
[SourceVersion "1"]
[SourceVersionDate "2025.04.16"]
[SourceQuality "1"]

1. e4 c5 2. Nf3 Nc6 3. d4 cxd4 4. Nxd4 g6 5. c4 Nf6 6. Nc3 Nxd4 7. Qxd4 d6 8. Be3 Bg7 9. Be2 0-0 10. Qd2 Bd7 11. 0-0 Bc6 12. f3 a5 13. b3 Nd7 14. Rab1 Nc5 15. a3 f5 16. b4 axb4 17. axb4 Ra3 18. bxc5 Bxc3 19. Qc1 Qa5 20. cxd6 exd6 21. Bb6 Qa8 22. exf5 Rxf5 23. Rd1 Be5 24. c5 d5 25. Bd3 Bf4 26. Qb2 Rh5 27. h3 Be3+ 28. Kh1 Qc8 29. Bf1 d4 30. Rxd4 Bxd4 31. Qxa3 Qf5 32. Rb3 Qg5 33. f4 Qxf4 34. Rb1 Qf2 0-1

[Event "Marburg op"]
[Site "Marburg"]
[Date "2024.10.27"]
[Round "7"]
[White "Mandalka, Justus"]
[Black "Schmidt, Markus"]
[Result "1/2-1/2"]
[WhiteElo "1979"]
[BlackElo "2143"]
[PlyCount "27"]
[EventDate "2024.10.24"]
[EventType "swiss"]
[EventRounds "7"]
[EventCountry "GER"]
[SourceTitle "CB16_2025"]
[SourceDate "2025.04.16"]
[SourceVersion "1"]
[SourceVersionDate "2025.04.16"]
[SourceQuality "1"]

1. e4 c5 2. Nf3 e6 3. d4 cxd4 4. c3 Nf6 5. e5 Nd5 6. cxd4 b6 7. a3 Bb7 8. Bd3 Be7 9. Qc2 h6 10. Nc3 d6 11. 0-0 Nxc3 12. Qxc3 Nd7 13. Bf4 dxe5 14. dxe5 1/2-1/2

[Event "Marburg op"]
[Site "Marburg"]
[Date "2024.10.26"]
[Round "4"]
[White "Fiedler, Ralf"]
[Black "Mandalka, Justus"]
[Result "0-1"]
[WhiteElo "1835"]
[BlackElo "1979"]
[PlyCount "102"]
[EventDate "2024.10.24"]
[EventType "swiss"]
[EventRounds "7"]
[EventCountry "GER"]
[SourceTitle "CB16_2025"]
[SourceDate "2025.04.16"]
[SourceVersion "1"]
[SourceVersionDate "2025.04.16"]
[SourceQuality "1"]

1. c4 e5 2. Nc3 Nf6 3. g3 Nc6 4. Bg2 d6 5. d3 Be7 6. Bg5 h6 7. Bxf6 Bxf6 8. e3 0-0 9. Nge2 Re8 10. 0-0 Rb8 11. Rb1 Bf5 12. b4 Qd7 13. Nd5 Bd8 14. b5 Ne7 15. Re1 Nxd5 16. Bxd5 h5 17. Nc3 h4 18. Qf3 Bxd3 19. Rb4 e4 20. Nxe4 Bxe4 21. Bxe4 Bf6 22. Rd1 Qe7 23. Bd5 a5 24. bxa6 c6 25. axb7 cxd5 26. Qxd5 h3 27. a4 Qe4 28. Qxe4 Rxe4 29. Rd3 d5 30. f3 Rxc4 31. Rxc4 dxc4 32. Rd7 c3 33. f4 c2 34. Rc7 Rxb7 35. Rxc2 Rb1+ 36. Kf2 Rh1 37. Kf3 Ra1 38. Kg4 Rxa4 39. Kxh3 Re4 40. Rc8+ Kh7 41. Rf8 Kg6 42. Kg4 Be7 43. Rc8 Rxe3 44. f5+ Kh7 45. Rc2 Ra3 46. Rc7 Re3 47. Rc2 Bd6 48. Rd2 Be5 49. Rd7 f6 50. Rd8 Re2 51. Kh3 Rf2 0-1

[Event "Marburg op"]
[Site "Marburg"]
[Date "2024.10.25"]
[Round "2"]
[White "Rolle, Eric"]
[Black "Mandalka, Justus"]
[Result "1/2-1/2"]
[WhiteElo "2174"]
[BlackElo "1979"]
[PlyCount "148"]
[EventDate "2024.10.24"]
[EventType "swiss"]
[EventRounds "7"]
[EventCountry "GER"]
[SourceTitle "CB16_2025"]
[SourceDate "2025.04.16"]
[SourceVersion "1"]
[SourceVersionDate "2025.04.16"]
[SourceQuality "1"]

1. c4 e5 2. Nc3 Nc6 3. Nf3 Nf6 4. e3 d5 5. cxd5 Nxd5 6. Bb5 Nxc3 7. bxc3 e4 8. Ne5 Qg5 9. Qa4 Qxg2 10. Bxc6+ bxc6 11. Qxc6+ Kd8 12. Rf1 Bd6 13. Nxf7+ Ke7 14. Nxd6 cxd6 15. Ba3 Bg4 16. Qxd6+ Kf7 17. Rb1 Rhd8 18. Qg3 Qf3 19. Qxf3+ Bxf3 20. Rb7+ Kg8 21. Rg1 g6 22. Rb3 Rd5 23. d4 exd3 24. Kd2 Rc8 25. Rgb1 Rh5 26. Bd6 Rc6 27. Rb8+ Kg7 28. R1b7+ Kh6 29. Bf8+ Kg5 30. Rb5+ Kh4 31. Rxh5+ Bxh5 32. Kxd3 Kh3 33. Bb4 Kxh2 34. Rb7 Ra6 35. Rxh7 Rxa2 36. f4 Kg3 37. Kc4 Be2+ 38. Kb3 Ra1 39. Kb2 Ra4 40. Bc5 a6 41. Rd7 Ra5 42. Bd4 Kf3 43. Rc7 Bd3 44. c4 g5 45. Kc3 Be4 46. Kb4 Rf5 47. fxg5 Rxg5 48. Ra7 Rg6 49. Rc7 Bd3 50. Ka5 Re6 51. Bb6 Re4 52. Kb4 a5+ 53. Kc3 Be2 54. Rf7+ Kg4 55. Bd4 Re6 56. Ra7 Rc6 57. c5 Ra6 58. Rb7 Bf3 59. Rg7+ Kf5 60. Rf7+ Kg4 61. Be5 Bc6 62. Bc7 a4 63. Rf4+ Kg5 64. Kb4 a3 65. Rf1 a2 66. Ba5 Be4 67. Ra1 Bb1 68. Kb5 Ra8 69. c6 Kf5 70. c7 Ke4 71. Kc6 Kxe3 72. Kb7 Be4+ 73. Kb6 Bb1 74. Kb7 Be4+ 1/2-1/2

[Event "GER-ch U14"]
[Site "Willingen"]
[Date "2024.05.19"]
[Round "2"]
[White "Mandalka, Justus"]
[Black "Herrmann, Jakob"]
[Result "1-0"]
[WhiteElo "1837"]
[BlackElo "2060"]
[PlyCount "93"]
[EventDate "2024.05.19"]
[EventType "swiss"]
[EventRounds "9"]
[EventCountry "GER"]
[SourceTitle "CBM 220 Extra"]
[Source "ChessBase"]
[SourceDate "2024.07.31"]
[SourceVersion "1"]
[SourceVersionDate "2024.07.31"]
[SourceQuality "1"]

1. d4 d5 2. c4 e6 3. Nc3 Nf6 4. cxd5 exd5 5. Bg5 Nbd7 6. e3 Be7 7. Bd3 c6 8. Qc2 Nh5 9. Bxe7 Qxe7 10. Nge2 Ndf6 11. h3 g6 12. g4 Ng7 13. 0-0-0 0-0 14. Rdg1 Re8 15. Nf4 Bd7 16. Kb1 Rac8 17. Qe2 Ne6 18. Qd1 Qd6 19. Nxe6 Qxe6 20. Qf3 Kg7 21. Ne2 Ne4 22. Bxe4 Qxe4+ 23. Qxe4 dxe4 24. Rc1 Be6 25. b4 b6 26. Rc2 Re7 27. Rhc1 Rec7 28. Kb2 Kh6 29. Nc3 Bc4 30. g5+ Kh5 31. Nxe4 Bd3 32. Nd6 Bxc2 33. Nxc8 Rxc8 34. Rxc2 Kxg5 35. Kb3 f5 36. d5 c5 37. bxc5 bxc5 38. d6 Kf6 39. Kc4 Ke6 40. Rd2 g5 41. d7 Rd8 42. Kxc5 h5 43. Rd6+ Ke7 44. Kc6 h4 45. Rh6 a5 46. Rh7+ Ke6 47. Kc7 1-0

[Event "GER-chT U12"]
[Site "Magdeburg"]
[Date "2023.12.29"]
[Round "5.5"]
[White "Mandalka, Justus"]
[Black "Derr, Oleg"]
[Result "0-1"]
[WhiteElo "1775"]
[BlackElo "1801"]
[PlyCount "106"]
[EventDate "2023.12.26"]
[EventType "team-swiss"]
[EventRounds "7"]
[EventCountry "GER"]
[SourceTitle "CBM 218 Extra"]
[Source "ChessBase"]
[SourceDate "2024.03.31"]
[SourceVersion "1"]
[SourceVersionDate "2024.03.31"]
[SourceQuality "1"]
[WhiteTeam "Bad Homburg"]
[BlackTeam "Offenbach"]
[WhiteTeamCountry "GER"]
[BlackTeamCountry "GER"]

1. e4 Nf6 2. e5 Nd5 3. d4 d6 4. Nf3 Bf5 5. Bc4 e6 6. 0-0 Be7 7. Re1 0-0 8. Nc3 Nb6 9. Bd3 Bxd3 10. Qxd3 d5 11. Ne2 c5 12. c3 Nc6 13. Bd2 Rc8 14. dxc5 Nd7 15. b4 Ndxe5 16. Nxe5 Nxe5 17. Qg3 Nc4 18. Bh6 Bf6 19. Nd4 Kh8 20. Be3 a5 21. a3 Nxe3 22. Rxe3 b6 23. Nb3 a4 24. Nd4 bxc5 25. Ne2 d4 26. Rd3 c4 27. Rxd4 Bxd4 28. Nxd4 Qd5 29. Re1 Rfe8 30. Re5 Qd6 31. f4 g6 32. Qh4 Qd8 33. Qe1 Kg8 34. h3 Qd7 35. Qe2 f6 36. Rxe6 Rxe6 37. Qxe6+ Qxe6 38. Nxe6 Re8 39. Nd4 Re3 40. Nb5 Kf8 41. Kf2 Rd3 42. Ke2 Ke7 43. Kf2 Kd7 44. Ke1 Kc6 45. Nd4+ Kb6 46. Ne2 h6 47. g3 g5 48. fxg5 fxg5 49. Kf2 Rd2 50. Ke3 Ra2 51. g4 Rxa3 52. Kd4 Ra2 53. Ng3 Rg2 0-1

[Event "GER-chT U12"]
[Site "Magdeburg"]
[Date "2023.12.27"]
[Round "1.3"]
[White "Mandalka, Justus"]
[Black "Rodriguez Klasen, Ennio"]
[Result "1/2-1/2"]
[WhiteElo "1775"]
[BlackElo "1622"]
[PlyCount "74"]
[EventDate "2023.12.26"]
[EventType "team-swiss"]
[EventRounds "7"]
[EventCountry "GER"]
[SourceTitle "CBM 218 Extra"]
[Source "ChessBase"]
[SourceDate "2024.03.31"]
[SourceVersion "1"]
[SourceVersionDate "2024.03.31"]
[SourceQuality "1"]
[WhiteTeam "Bad Homburg"]
[BlackTeam "Berlin Empor"]
[WhiteTeamCountry "GER"]
[BlackTeamCountry "GER"]

1. e4 c5 2. Nf3 e6 3. d4 cxd4 4. Nxd4 Nf6 5. Nc3 Nc6 6. Nxc6 bxc6 7. Bg5 Be7 8. Be2 Nxe4 9. Nxe4 Bxg5 10. Nd6+ Ke7 11. Qd3 Qa5+ 12. c3 Qd5 13. Rd1 Qxd3 14. Rxd3 Ba6 15. Rd4 Bxe2 16. Kxe2 Rab8 17. b3 Bf6 18. Rd3 Be5 19. Rhd1 Bxd6 20. Rxd6 Rhd8 21. c4 Rb6 22. R1d2 c5 23. R6d3 a5 24. g3 f5 25. h4 h5 26. f4 d6 27. Re3 Rb7 28. Red3 Rbd7 29. Re3 Kf6 30. Rd1 Re7 31. Rd2 e5 32. Rd5 e4 33. a4 Ke6 34. Kd2 Rb7 35. Kc2 Rdb8 36. Rd1 Rb6 37. Rd5 R6b7 1/2-1/2

[Event "Heusenstamm Sparkassen op-A 9th"]
[Site "Heusenstamm"]
[Date "2023.11.26"]
[Round "6"]
[White "Mandalka, Justus"]
[Black "Stuemer, Paul"]
[Result "1/2-1/2"]
[WhiteElo "1751"]
[BlackElo "2115"]
[PlyCount "127"]
[EventDate "2023.11.23"]
[EventType "swiss"]
[EventRounds "7"]
[EventCountry "GER"]
[SourceTitle "CBM 217 Extra"]
[Source "ChessBase"]
[SourceDate "2024.01.31"]
[SourceVersion "1"]
[SourceVersionDate "2024.01.31"]
[SourceQuality "1"]

1. e4 c5 2. Nf3 Nc6 3. d4 cxd4 4. Nxd4 g6 5. Be3 Bg7 6. Nc3 Nf6 7. Be2 0-0 8. 0-0 d5 9. exd5 Nxd5 10. Nxd5 Qxd5 11. Bf3 Qa5 12. Nxc6 bxc6 13. c3 Rb8 14. Qc2 Bf5 15. Qe2 c5 16. Bd5 Rfd8 17. Rfd1 h5 18. h3 Qc7 19. Bg5 Re8 20. Rd2 Qe5 21. Re1 Qxe2 22. Rexe2 e5 23. f3 Be6 24. Be3 Bf8 25. Bf2 Bh6 26. Rd1 c4 27. Bc6 Re7 28. Bc5 Rc7 29. Bd6 Rd8 30. Ba4 Rb7 31. Bxe5 Rxd1+ 32. Bxd1 Bc1 33. b4 cxb3 34. axb3 Rd7 35. Bc2 Bg5 36. Bd4 Re7 37. b4 h4 38. Re4 Rd7 39. f4 Be7 40. Ba4 Rc7 41. Be5 Rc8 42. Bb5 f6 43. Bxf6 Bxf6 44. Rxe6 Kf7 45. Ra6 Rxc3 46. Rxa7+ Ke6 47. Ra6+ Kf7 48. Rc6 Bd4+ 49. Kf1 Rxc6 50. Bxc6 Be3 51. f5 gxf5 52. Ke2 Bg1 53. Bd7 Kf6 54. Kd3 Ke5 55. Kc4 f4 56. Kb5 Kd6 57. Bg4 Kc7 58. Bf3 Bf2 59. Kc4 Kb6 60. Be2 Be1 61. b5 Bf2 62. Kd5 Bg3 63. Ke6 Kc5 64. Kf5 1/2-1/2

[Event "Heusenstamm Sparkassen op-A 9th"]
[Site "Heusenstamm"]
[Date "2023.11.25"]
[Round "5"]
[White "Hildebrandt, Paul"]
[Black "Mandalka, Justus"]
[Result "0-1"]
[WhiteElo "1479"]
[BlackElo "1751"]
[PlyCount "86"]
[EventDate "2023.11.23"]
[EventType "swiss"]
[EventRounds "7"]
[EventCountry "GER"]
[SourceTitle "CBM 217 Extra"]
[Source "ChessBase"]
[SourceDate "2024.01.31"]
[SourceVersion "1"]
[SourceVersionDate "2024.01.31"]
[SourceQuality "1"]

1. Nf3 c5 2. g3 Nc6 3. Bg2 d5 4. d4 e6 5. 0-0 b6 6. b3 Bb7 7. Bb2 Nf6 8. Nbd2 Rc8 9. c4 Be7 10. Re1 0-0 11. e4 dxe4 12. Nxe4 Nxe4 13. Rxe4 Nxd4 14. Re3 Bxf3 15. Bxf3 Bf6 16. Rd3 Qc7 17. Rb1 Rfd8 18. Kg2 Nxf3 19. Qxf3 Rxd3 20. Qxd3 Qc6+ 21. f3 Rd8 22. Qe2 Bxb2 23. Rxb2 Qd6 24. h4 Qd3 25. Qe5 Qd4 26. Qxd4 Rxd4 27. g4 e5 28. Kg3 f6 29. Re2 Kf7 30. h5 g6 31. Kh4 gxh5 32. Kxh5 Rd3 33. Rf2 e4 34. Kh4 exf3 35. Kg3 Kg6 36. Kf4 a6 37. Rxf3 Rxf3+ 38. Kxf3 Kg5 39. Kg3 a5 40. a3 f5 41. gxf5 Kxf5 42. Kf3 Ke5 43. Ke3 h6 0-1

[Event "Heusenstamm Sparkassen op-A 9th"]
[Site "Heusenstamm"]
[Date "2023.11.24"]
[Round "2"]
[White "Mandalka, Justus"]
[Black "Poysti, Nathanael Nicolai"]
[Result "0-1"]
[WhiteElo "1751"]
[BlackElo "2142"]
[PlyCount "80"]
[EventDate "2023.11.23"]
[EventType "swiss"]
[EventRounds "7"]
[EventCountry "GER"]
[SourceTitle "CBM 217 Extra"]
[Source "ChessBase"]
[SourceDate "2024.01.31"]
[SourceVersion "1"]
[SourceVersionDate "2024.01.31"]
[SourceQuality "1"]

1. e4 c6 2. d4 d5 3. exd5 cxd5 4. Bd3 Nc6 5. c3 Nf6 6. Nf3 Bg4 7. 0-0 e6 8. Bg5 Bd6 9. Re1 Qc7 10. h3 Bh5 11. Nbd2 0-0 12. Qb1 Bg6 13. Bxf6 gxf6 14. Bxg6 hxg6 15. Qd3 Ne7 16. c4 dxc4 17. Nxc4 Rfd8 18. Nxd6 Rxd6 19. Rac1 Qb6 20. Qa3 Rad8 21. Rc4 Nc6 22. Re4 Kg7 23. Qc3 Rd5 24. Rh4 Qa5 25. Qxa5 Rxa5 26. a3 Rb5 27. b4 a5 28. Rc5 Rd5 29. Re4 axb4 30. axb4 Rxb4 31. Rxd5 exd5 32. Re1 b5 33. Rd1 Kf8 34. Kf1 Ke7 35. Ke2 Rb2+ 36. Rd2 Rb1 37. Kd3 Ra1 38. Rb2 b4 39. Rc2 Kd6 40. Nd2 Ra3+ 0-1

[Event "Rhein Main op-B 25th"]
[Site "Bad Homburg"]
[Date "2023.06.10"]
[Round "6"]
[White "Bremer, Vincent"]
[Black "Mandalka, Justus"]
[Result "0-1"]
[WhiteElo "1957"]
[BlackElo "1560"]
[PlyCount "52"]
[EventDate "2023.06.07"]
[EventType "swiss"]
[EventRounds "7"]
[EventCountry "GER"]
[SourceTitle "CBM 215 Extra"]
[Source "ChessBase"]
[SourceDate "2023.09.30"]
[SourceVersion "1"]
[SourceVersionDate "2023.09.30"]
[SourceQuality "1"]

1. c4 c5 2. Nf3 Nc6 3. d4 cxd4 4. Nxd4 g6 5. e4 Bg7 6. Be3 Nf6 7. Nc3 d6 8. Be2 0-0 9. 0-0 Bd7 10. f4 e5 11. Ndb5 exf4 12. Rxf4 Bh6 13. Qxd6 Ne8 14. Qd2 Bxf4 15. Bxf4 Be6 16. Nd5 a6 17. Nbc3 f6 18. Rd1 Ne5 19. Qd4 Bxd5 20. Bxe5 fxe5 21. Qxe5 Qb6+ 22. c5 Qxc5+ 23. Kh1 Nf6 24. Rf1 Rae8 25. Qg5 Nxe4 26. Qxd5+ Qxd5 0-1

[Event "GER-ch U12"]
[Site "Willingen"]
[Date "2023.06.03"]
[Round "9"]
[White "Mandalka, Justus"]
[Black "Albrecht, Neil"]
[Result "0-1"]
[WhiteElo "1560"]
[BlackElo "1690"]
[PlyCount "86"]
[EventDate "2023.05.27"]
[EventType "swiss"]
[EventRounds "9"]
[EventCountry "GER"]
[SourceTitle "CBM 214 Extra"]
[Source "ChessBase"]
[SourceDate "2023.07.31"]
[SourceVersion "1"]
[SourceVersionDate "2023.07.31"]
[SourceQuality "1"]

1. e4 e5 2. Nf3 Nc6 3. d4 exd4 4. Nxd4 Nf6 5. Nxc6 bxc6 6. e5 Qe7 7. Qe2 Nd5 8. c4 Nb6 9. b3 Bb7 10. Bb2 0-0-0 11. Nd2 c5 12. 0-0-0 g6 13. a4 Kb8 14. h4 Bg7 15. h5 Rhe8 16. hxg6 hxg6 17. Re1 d6 18. exd6 Bxb2+ 19. Kc2 Qxe2 20. dxc7+ Kxc7 21. Bxe2 Bf6 22. Bf3 Rxe1 23. Rxe1 Bg5 24. Nb1 Bxf3 25. gxf3 Bf6 26. Nc3 Bxc3 27. Kxc3 a5 28. Re7+ Rd7 29. Re8 Nc8 30. Re5 Kb6 31. Re8 Nd6 32. Rb8+ Rb7 33. Rf8 Nf5 34. f4 Nd4 35. Rc8 Ne2+ 36. Kd3 Nxf4+ 37. Ke3 Ne6 38. Kd3 Rd7+ 39. Kc3 Kb7 40. Re8 g5 41. Rg8 Rd8 42. Rxd8 Nxd8 43. Kd3 f5 0-1

[Event "GER-chT U12"]
[Site "Munich"]
[Date "2022.12.29"]
[Round "6"]
[White "Mandalka, Justus"]
[Black "Nguyen, Thanh An"]
[Result "1/2-1/2"]
[WhiteElo "1484"]
[BlackElo "1219"]
[PlyCount "79"]
[EventDate "2022.12.26"]
[EventType "team-swiss"]
[EventRounds "7"]
[EventCountry "GER"]
[SourceTitle "CBM 212 Extra"]
[Source "ChessBase"]
[SourceDate "2023.03.31"]
[SourceVersion "1"]
[SourceVersionDate "2023.03.31"]
[SourceQuality "1"]
[WhiteTeam "Bad Homburg"]
[BlackTeam "Dresden Striesen"]
[WhiteTeamCountry "GER"]
[BlackTeamCountry "GER"]

1. e4 c5 2. Nf3 Nc6 3. d4 cxd4 4. Nxd4 e6 5. Be2 Nf6 6. Bf3 Bc5 7. Nb3 Bb6 8. 0-0 0-0 9. Bg5 h6 10. Bh4 Ne5 11. Re1 g5 12. Bg3 Bc7 13. h3 Nxf3+ 14. Qxf3 Bxg3 15. Qxg3 Kh7 16. e5 Nd5 17. Nc3 Nxc3 18. Qd3+ Kh8 19. Qxc3 b6 20. Rad1 Qe7 21. Qf3 Rb8 22. Qh5 Kh7 23. Re3 Bb7 24. h4 Rg8 25. Rh3 gxh4 26. f3 Qg5 27. Qxg5 Rxg5 28. Rxd7 Kg6 29. Kf2 Rxe5 30. Rxh4 a6 31. Rc4 Bd5 32. Rcc7 Bxb3 33. axb3 Rf5 34. c4 h5 35. b4 b5 36. c5 Rf4 37. c6 Rxb4 38. Rxf7 Rxb2+ 39. Ke3 Rc2 40. Rg7+ 1/2-1/2

[Event "GER-chT U12"]
[Site "Munich"]
[Date "2022.12.27"]
[Round "2"]
[White "Lu, Yunong Elias"]
[Black "Mandalka, Justus"]
[Result "1-0"]
[WhiteElo "1678"]
[BlackElo "1484"]
[PlyCount "101"]
[EventDate "2022.12.26"]
[EventType "team-swiss"]
[EventRounds "7"]
[EventCountry "GER"]
[SourceTitle "CBM 212 Extra"]
[Source "ChessBase"]
[SourceDate "2023.03.31"]
[SourceVersion "1"]
[SourceVersionDate "2023.03.31"]
[SourceQuality "1"]
[WhiteTeam "Hamburger SK"]
[BlackTeam "Bad Homburg"]
[WhiteTeamCountry "GER"]
[BlackTeamCountry "GER"]

1. c4 c5 2. g3 g6 3. Bg2 Bg7 4. Nc3 Nc6 5. e3 Nh6 6. Nge2 Nf5 7. d3 b6 8. b3 Bb7 9. Bb2 0-0 10. Qd2 d6 11. 0-0 h5 12. d4 Rb8 13. d5 Ne5 14. e4 Nh6 15. f4 Nd7 16. Nd1 b5 17. cxb5 Qb6 18. Bxg7 Kxg7 19. Qc3+ f6 20. a4 c4+ 21. Nd4 cxb3 22. Kh1 Rfc8 23. Ne6+ Kh7 24. Qxb3 Nc5 25. Nxc5 Qxc5 26. Nf2 Qc3 27. Qd1 Qa5 28. f5 gxf5 29. exf5 Rc5 30. Qxh5 Rg8 31. Rfe1 Qc7 32. Rad1 Rg5 33. Qh3 Rg7 34. Bf3 Rc4 35. Kg2 Bc8 36. Be4 Rxe4 37. Nxe4 Bxf5 38. Qh4 Rg4 39. Nxf6+ exf6 40. Qxf6 Be4+ 41. Kg1 Qc2 42. Qf2 Qxa4 43. Rd4 Qb3 44. Rdxe4 Rxe4 45. Rxe4 Qxd5 46. Qxa7+ Kg6 47. Qe3 Nf5 48. Qe2 Qc5+ 49. Kg2 Qd5 50. b6 Qc6 51. Kh3 1-0

[Event "Bayern Jubilar U12"]
[Site "Bayreuth"]
[Date "2022.08.28"]
[Round "3"]
[White "Mandalka, Justus"]
[Black "Dordevic, Tom"]
[Result "1-0"]
[WhiteElo "1406"]
[BlackElo "1795"]
[PlyCount "169"]
[EventDate "2022.08.27"]
[EventType "swiss"]
[EventRounds "7"]
[EventCountry "GER"]
[SourceTitle "EXT 2023"]
[Source "ChessBase"]
[SourceDate "2022.10.05"]
[SourceVersion "1"]
[SourceVersionDate "2022.10.05"]
[SourceQuality "1"]

1. e4 c5 2. Nf3 e6 3. d4 cxd4 4. Nxd4 a6 5. Bd3 Bc5 6. Nb3 Ba7 7. 0-0 Ne7 8. Nc3 Nbc6 9. Re1 d6 10. Be3 Ng6 11. Qd2 0-0 12. Rad1 Qc7 13. Bxa7 Rxa7 14. Qe3 Ra8 15. Bf1 Rd8 16. Qg3 b5 17. Rd2 b4 18. Nd1 a5 19. Ne3 Nce7 20. Red1 e5 21. Bc4 Bb7 22. Qf3 Nc8 23. Bd5 Nf4 24. Bxb7 Qxb7 25. Nc5 Qc7 26. Nd3 Nxd3 27. Rxd3 Ne7 28. b3 Rd7 29. Nc4 Rad8 30. Qg4 Ng6 31. Rd5 a4 32. Rb5 axb3 33. axb3 h6 34. Rxb4 Qc5 35. Rb8 Kh7 36. Rxd8 Rxd8 37. Qf5 Qa7 38. g3 Qc5 39. Rd5 Qc7 40. Qf3 Ne7 41. Rd1 Kg8 42. Qd3 d5 43. exd5 Rxd5 44. Qe2 Rc5 45. Qe4 Ng6 46. h4 Qb8 47. Ra1 Rc8 48. Ra5 Re8 49. h5 Nf8 50. Rxe5 Ne6 51. Ne3 Rd8 52. Rd5 Re8 53. Re5 Rd8 54. Nd5 Ng5 55. Ne7+ Kh8 56. Nc6 Qc8 57. Rd5 Rf8 58. Qe7 Rg8 59. Qd7 Qa8 60. Ra5 Qf8 61. Ne7 Qe8 62. Qxe8 Rxe8 63. Nf5 Re2 64. Ne3 Nh3+ 65. Kg2 Nxf2 66. Kf3 Rd2 67. Rd5 Rxd5 68. Nxd5 Nh3 69. c4 Kg8 70. b4 Kf8 71. c5 Ng5+ 72. Ke3 Ne6 73. c6 Ke8 74. b5 Kd8 75. b6 Kc8 76. Ne7+ Kb8 77. c7+ Nxc7 78. bxc7+ Kxc7 79. Nf5 g6 80. hxg6 fxg6 81. Nxh6 Kd6 82. Kf4 Kd5 83. Kg5 Ke4 84. Kxg6 Kf3 85. g4 1-0

[Event "GER-ch U12"]
[Site "Willingen"]
[Date "2022.06.08"]
[Round "6"]
[White "Schuricht, Emil Frederick"]
[Black "Mandalka, Justus"]
[Result "1-0"]
[WhiteElo "1641"]
[BlackElo "1402"]
[PlyCount "115"]
[EventDate "2022.06.04"]
[EventType "swiss"]
[EventRounds "9"]
[EventCountry "GER"]
[SourceTitle "CBM 208 Extra"]
[Source "ChessBase"]
[SourceDate "2022.07.31"]
[SourceVersion "1"]
[SourceVersionDate "2022.07.31"]
[SourceQuality "1"]

1. d4 d5 2. c4 e6 3. Nc3 c5 4. cxd5 exd5 5. Nf3 Nc6 6. g3 Nf6 7. Bg2 Be7 8. Bg5 cxd4 9. Nxd4 h6 10. Be3 0-0 11. 0-0 Re8 12. Rc1 Bf8 13. Nxc6 bxc6 14. Na4 Bd7 15. Bc5 Bxc5 16. Nxc5 Bg4 17. Re1 Rb8 18. h3 Bh5 19. Qd2 Qb6 20. Rc2 Bg6 21. Nd3 Ne4 22. Qc1 Rbc8 23. Nc5 Nxc5 24. Rxc5 Qa6 25. e3 Qxa2 26. Bxd5 Qa6 27. Rxc6 Rxc6 28. Qxc6 Qxc6 29. Bxc6 Rc8 30. Bf3 Rc2 31. Re2 Rc5 32. b3 Bf5 33. Ra2 a5 34. Kg2 Be6 35. Bd1 f6 36. e4 Kf7 37. f4 Rb5 38. Ra3 Ke7 39. Kf3 Rc5 40. Ke3 Bxh3 41. Kd4 Rb5 42. Be2 Rb4+ 43. Bc4 Be6 44. Rxa5 Bxc4 45. bxc4 Rb1 46. Kd5 Rd1+ 47. Kc6 Rd4 48. c5 Rxe4 49. Ra7+ Kf8 50. Kd5 Re1 51. c6 Rc1 52. c7 Ke8 53. Kd6 Rd1+ 54. Kc6 Rc1+ 55. Kb7 Rb1+ 56. Kc8 Rb4 57. Rb7 Rc4 58. Kb8 1-0

[Event "Heusenstamm Sparkassen op-B 7th"]
[Site "Heusenstamm"]
[Date "2021.11.20"]
[Round "5.27"]
[White "Mandalka, Justus"]
[Black "Koeberl, Christiane"]
[Result "1-0"]
[WhiteElo "1366"]
[BlackElo "1680"]
[PlyCount "87"]
[EventDate "2021.11.18"]
[EventType "swiss"]
[EventRounds "7"]
[EventCountry "GER"]
[SourceTitle "EXT 2023"]
[Source "ChessBase"]
[SourceDate "2022.10.05"]
[SourceVersion "1"]
[SourceVersionDate "2022.10.05"]
[SourceQuality "1"]

1. e4 e6 2. d4 b6 3. Bd3 Bb7 4. Bf4 Ne7 5. Ne2 Ng6 6. 0-0 Be7 7. c4 c6 8. Nbc3 Na6 9. Bg3 Nc7 10. d5 cxd5 11. exd5 d6 12. f4 0-0 13. Qd2 f5 14. Rad1 exd5 15. cxd5 Kh8 16. Bc4 Qd7 17. a3 Rac8 18. Nd4 a6 19. Ba2 b5 20. b4 Rf6 21. Qd3 Bd8 22. Rf3 Ne8 23. Bf2 Rf8 24. g3 Ne7 25. Be3 Nc7 26. Nc2 Rf6 27. Bc1 Qe8 28. Bb2 Rh6 29. Re1 Qh5 30. Rf2 Ng6 31. Ne3 Nxf4 32. gxf4 Bh4 33. Ree2 Bxf2+ 34. Rxf2 Rf8 35. Ne2 Ne8 36. Ng3 Qg6 37. Rg2 Bc8 38. Bb1 Qf7 39. Nexf5 Bxf5 40. Qxf5 Qe7 41. Qe4 Qh4 42. Nf5 Qh5 43. Bc2 Nf6 44. Nxh6 1-0